IT management jak na úspěšnou kariéru
Salvato in:
| Autore principale: | |
|---|---|
| Natura: | Libro |
| Lingua: | ceco |
| Pubblicazione: |
Brno
Computer Press
2011
|
| Soggetti: | |
| Tags: |
Nessun Tag, puoi essere il primo ad aggiungerne!!
|
MARC
| LEADER | 00000nam a2200000 4500 | ||
|---|---|---|---|
| 001 | 0144117 | ||
| 005 | 20240315114508.4 | ||
| 020 | |a 978-80-251-3378-1 | ||
| 041 | 0 | |a cze | |
| 044 | |a CZ | ||
| 245 | 1 | 0 | |a IT management |b jak na úspěšnou kariéru |c Ľubomír Lukáč |
| 264 | 1 | |a Brno |b Computer Press |c 2011 | |
| 300 | |a 208 s. | ||
| 610 | 2 | 0 | |a technológie informačné |
| 610 | 2 | 0 | |a vývoj |
| 610 | 2 | 0 | |a metodika |
| 610 | 2 | 0 | |a štandardy |
| 610 | 2 | 0 | |a bezpečnosť informačná |
| 610 | 2 | 0 | |a riadenie |
| 610 | 2 | 0 | |a manažéri |
| 610 | 2 | 0 | |a porady |
| 610 | 2 | 0 | |a vyjednávanie |
| 610 | 2 | 0 | |a riadenie projektové |
| 610 | 2 | 0 | |a štúdie prípadové |
| 610 | 2 | 0 | |a poradenstvo |
| 100 | 1 | |a Lukáč, Ľubomír | |